logo

Bir Sreshtho Munshi Abdur Rouf Library
Jhenaidah Cadet College

The millionaire next door : (Record no. 2978)

MARC details
000 -LEADER
fixed length control field 00895cam a2200277 a 4500
001 - CONTROL NUMBER
JCCL Control Number 2978
003 - CONTROL NUMBER IDENTIFIER
JCCL marc code BD-JhCC
005 - DATE AND TIME OF LATEST TRANSACTION
control field 20221124134023.0
008 - FIXED-LENGTH DATA ELEMENTS--GENERAL INFORMATION
fixed length control field 960502s1996 gau 000 0 eng
020 ## - INTERNATIONAL STANDARD BOOK NUMBER
International Standard Book Number 9780671015206
035 ## - SYSTEM CONTROL NUMBER
system control number (BD-JhCC)2978
040 ## - CATALOGING SOURCE
Original cataloging agency DLC
Transcribing agency DLC
Modifying agency DLC
041 ## - LANGUAGE CODE
Language code of Book eng
050 00 - LIBRARY OF CONGRESS CALL NUMBER
Classification number HC110.W4
Item number S73 1996
082 ## - DEWEY DECIMAL CLASSIFICATION NUMBER
Author mark and Year STA 1996
Classification number 332.0973
100 1# - MAIN ENTRY--PERSONAL NAME
Personal name Stanley, Thomas J.
245 14 - TITLE STATEMENT
Title The millionaire next door :
Remainder of title the surprising secrets of America's wealthy /
Statement of responsibility, etc Thomas J. Stanley, William D. Danko.
260 ## - PUBLICATION, DISTRIBUTION, ETC. (IMPRINT)
Place of publication, distribution, etc Atlanta, Ga. :
Name of publisher, distributor, etc Longstreet Press,
Date of publication, distribution, etc c1996.
300 ## - PHYSICAL DESCRIPTION
Pagination 258 p. ;
Dimensions 21 cm.
650 #0 - SUBJECT ADDED ENTRY--TOPICAL TERM
Topical term or geographic name as entry element Rich people
Geographic subdivision United States.
650 #0 - SUBJECT ADDED ENTRY--TOPICAL TERM
Topical term or geographic name as entry element Millionaires
Geographic subdivision United States.
700 1# - ADDED ENTRY--PERSONAL NAME
Personal name Danko, William D.
856 42 - ELECTRONIC LOCATION AND ACCESS
Materials specified Contributor biographical information
Uniform Resource Identifier http://www.loc.gov/catdir/enhancements/fy1115/96076497-b.html
942 ## - ADDED ENTRY ELEMENTS (KOHA)
Source of classification or shelving scheme Dewey Decimal Classification
Koha item type Books
Koha issues (borrowed), all copies 2
Holdings
Source of classification or shelving scheme Damaged status Not for loan Home library Current library Shelving location Date of accession Total Checkouts Full call number Barcode Date last seen Date checked out Copy number Koha item type Source of acquisition Cost, normal purchase price Method of acquisition Currency
Dewey Decimal Classification     JCC Rouf Library JCC Rouf Library General Stacks 11/08/2017 2 332.0973 STA 1996 4675 11/28/2022 11/24/2022 C-1 Books        
Dewey Decimal Classification     JCC Rouf Library JCC Rouf Library Children's Area 09/12/2024 1 332.0973 STA 1996 19685 04/13/2025 01/19/2025 C-2 Books With the Compliments Of Shahriar Imtiaz Rahman 27/1483/K 1190.00 Gift/Donation BDT

JCC Library | Contacts | JCC Home

Last Update on 23 September 2017
Copyright @ 2017-2020 JCC Rouf Library
Rouf Library, Jhenidah Cadet College (JCC), Bangladesh